000
00218 a2200097 4500
001
8588
100
_a
Saha Nabi Ahmed
245
_a
Ashab-e-Rasool aur un key karnamey
260
_a
_b
Ferozsons
_c
090
_c
6911
_d
6911
942
_a
NUST-CAE
_c
M
_c
33502
999
_c
243661
_d
243661